<?xml version="1.0" encoding="UTF-8"?>
<record
    xmlns:xsi="http://www.w3.org/2001/XMLSchema-instance"
    xsi:schemaLocation="http://www.loc.gov/MARC21/slim http://www.loc.gov/standards/marcxml/schema/MARC21slim.xsd"
    xmlns="http://www.loc.gov/MARC21/slim">

  <leader>01569ngm a2200361 u 4500</leader>
  <controlfield tag="001">854762</controlfield>
  <controlfield tag="005">20260506152130.0</controlfield>
  <controlfield tag="007">vf|||</controlfield>
  <controlfield tag="008">031119s2003                        spa  </controlfield>
  <datafield tag="035" ind1=" " ind2=" ">
    <subfield code="a">854762</subfield>
  </datafield>
  <datafield tag="040" ind1=" " ind2=" ">
    <subfield code="c">comduadb</subfield>
  </datafield>
  <datafield tag="041" ind1=" " ind2=" ">
    <subfield code="a">spa</subfield>
  </datafield>
  <datafield tag="080" ind1=" " ind2=" ">
    <subfield code="a">VHS</subfield>
  </datafield>
  <datafield tag="100" ind1="1" ind2="0">
    <subfield code="a">Pineda Santis, Hermes Rafael</subfield>
    <subfield code="4">res</subfield>
    <subfield code="e">res</subfield>
    <subfield code="9">263570</subfield>
  </datafield>
  <datafield tag="245" ind1="1" ind2="0">
    <subfield code="a">Conservacion de reproductores de peces en zonas de pesca natural y su manejo genetico en estanque</subfield>
  </datafield>
  <datafield tag="260" ind1=" " ind2=" ">
    <subfield code="a">Medell&#xED;n :</subfield>
    <subfield code="b">Universidad de Antioquia, Facultad de Comunicaciones,</subfield>
    <subfield code="c">2003.</subfield>
  </datafield>
  <datafield tag="300" ind1=" " ind2=" ">
    <subfield code="a">1 videocasete (12 min.) ; son., color</subfield>
  </datafield>
  <datafield tag="520" ind1="3" ind2=" ">
    <subfield code="a">Resumen : La conservacion de especies nativas como la cachama en Colombia en forma natural, para la reproduccion, alimentacion y pesca. Proyecto de Colciencias 111509 10859 de fisiologia y biotecnologia de la reproduccion</subfield>
  </datafield>
  <datafield tag="650" ind1=" " ind2="7">
    <subfield code="a">Acuicultura</subfield>
    <subfield code="2">lemb</subfield>
    <subfield code="9">8794</subfield>
  </datafield>
  <datafield tag="650" ind1=" " ind2="7">
    <subfield code="a">Peces</subfield>
    <subfield code="2">lemb</subfield>
    <subfield code="9">69255</subfield>
  </datafield>
  <datafield tag="650" ind1=" " ind2=" ">
    <subfield code="a">Evaluaci&#xF3;n gen&#xE9;tica</subfield>
    <subfield code="9">74609</subfield>
  </datafield>
  <datafield tag="650" ind1=" " ind2=" ">
    <subfield code="a">Pesca artesanal</subfield>
    <subfield code="9">18151</subfield>
  </datafield>
  <datafield tag="650" ind1=" " ind2="7">
    <subfield code="a">Reproducci&#xF3;n de peces</subfield>
    <subfield code="2">lemb</subfield>
    <subfield code="9">1833</subfield>
  </datafield>
  <datafield tag="650" ind1=" " ind2="7">
    <subfield code="a">Piscicultura</subfield>
    <subfield code="2">lemb</subfield>
    <subfield code="9">34836</subfield>
  </datafield>
  <datafield tag="650" ind1=" " ind2=" ">
    <subfield code="a">Cachama</subfield>
    <subfield code="9">21358</subfield>
  </datafield>
  <datafield tag="700" ind1="1" ind2="0">
    <subfield code="a">Olivera &#xC1;ngel, Martha</subfield>
    <subfield code="4">clb</subfield>
    <subfield code="e">clb</subfield>
    <subfield code="9">274644</subfield>
  </datafield>
  <datafield tag="700" ind1="1" ind2="0">
    <subfield code="a">Trujillo Bravo, Esperanza</subfield>
    <subfield code="4">clb</subfield>
    <subfield code="e">clb</subfield>
    <subfield code="9">257054</subfield>
  </datafield>
  <datafield tag="700" ind1="1" ind2="0">
    <subfield code="a">Urcuqui Inchima, Silvio</subfield>
    <subfield code="4">clb</subfield>
    <subfield code="e">clb</subfield>
    <subfield code="9">372377</subfield>
  </datafield>
  <datafield tag="700" ind1="1" ind2="0">
    <subfield code="a">Builes Gomez, Juan</subfield>
    <subfield code="4">clb</subfield>
    <subfield code="e">clb</subfield>
    <subfield code="9">482979</subfield>
  </datafield>
  <datafield tag="700" ind1="1" ind2="0">
    <subfield code="a">Pareja Molina, Diego</subfield>
    <subfield code="4">clb</subfield>
    <subfield code="e">clb</subfield>
    <subfield code="9">397606</subfield>
  </datafield>
  <datafield tag="787" ind1="0" ind2="8">
    <subfield code="i">Disponible en otros formatos</subfield>
    <subfield code="t">Conservacion de reproductores de peces en zonas de pesca natural y su manejo genetico en estanque</subfield>
    <subfield code="d">2003</subfield>
    <subfield code="w">1132543</subfield>
  </datafield>
  <datafield tag="942" ind1=" " ind2=" ">
    <subfield code="c">BOOK</subfield>
  </datafield>
  <datafield tag="999" ind1=" " ind2=" ">
    <subfield code="c">303987</subfield>
    <subfield code="d">303987</subfield>
  </datafield>
  <datafield tag="952" ind1=" " ind2=" ">
    <subfield code="0">0</subfield>
    <subfield code="1">0</subfield>
    <subfield code="4">0</subfield>
    <subfield code="7">0</subfield>
    <subfield code="8">AUDIOVISUA</subfield>
    <subfield code="a">BR</subfield>
    <subfield code="b">BR</subfield>
    <subfield code="d">2003-11-19</subfield>
    <subfield code="i">C812017</subfield>
    <subfield code="l">0</subfield>
    <subfield code="o">VHS 00210</subfield>
    <subfield code="p">61000001723531</subfield>
    <subfield code="r">2023-04-25 00:00:00</subfield>
    <subfield code="t">1</subfield>
    <subfield code="w">2023-04-25</subfield>
    <subfield code="y">CINTAI</subfield>
  </datafield>
  <datafield tag="952" ind1=" " ind2=" ">
    <subfield code="0">0</subfield>
    <subfield code="1">0</subfield>
    <subfield code="4">0</subfield>
    <subfield code="7">0</subfield>
    <subfield code="8">AUDIOVISUA</subfield>
    <subfield code="a">BR</subfield>
    <subfield code="b">BR</subfield>
    <subfield code="d">2003-11-20</subfield>
    <subfield code="i">C812292</subfield>
    <subfield code="l">0</subfield>
    <subfield code="o">VHS 00210 e2</subfield>
    <subfield code="p">61000001723598</subfield>
    <subfield code="r">2023-04-25 00:00:00</subfield>
    <subfield code="t">2</subfield>
    <subfield code="w">2023-04-25</subfield>
    <subfield code="y">CINTAI</subfield>
  </datafield>
</record>
